000 00278nam a2200109Ia 4500
008 220204s9999 xx 000 0 und d
082 _a929A/Z(JAW)
_bCHA
100 _aChalapathirau, M
245 0 _aNehru:for children
260 _aDelhi
_bChildrens Book Trust
_c1967
942 _cBK
999 _c31494
_d31494